| 000 | 00596nam a22001937a 4500 | ||
|---|---|---|---|
| 999 |
_c2172 _d2172 |
||
| 003 | OSt | ||
| 005 | 20191108154016.0 | ||
| 008 | 150730b xxu||||| |||| 00| 0 eng d | ||
| 020 | _a0273612352 | ||
| 040 | _cDNLM | ||
| 082 | _a658.3 HUM 1996 | ||
| 100 |
_aEdited by Stewart, Jim; McGoldrick, Jim _913051 |
||
| 245 |
_aHuman Resource Development: _bPerspectives, strategies and practice |
||
| 260 |
_aLondon: _bFinacial Times; _c1996. |
||
| 300 |
_aviii, 312 p : _bill ; _c27 cm. |
||
| 504 | _aIncludes bibliographical references and index. | ||
| 650 |
_aHuman resource _95566 |
||
| 942 |
_2z _cSLOAN |
||